Ženy na trhu práce v letech 1945-1992
Žena ako zdroj pracovných síl v rokoch 1949-1960. Ženy a trh práce v rokoch 1960-1989. Postavenie žien na trhu práce v rokoch 1989-1992. Kategórie pracovných síl ohrozených nezamestnanosťou.
Enregistré dans:
| Auteur principal: | |
|---|---|
| Format: | Chapitre de livre |
| Langue: | tchèque |
| Sujets: | |
| Tags: |
Pas de tags, Soyez le premier à ajouter un tag!
|
MARC
| LEADER | 00000naa a2200000 4500 | ||
|---|---|---|---|
| 001 | r038308 | ||
| 005 | 20231002125926.9 | ||
| 041 | 0 | |a cze | |
| 044 | |a CZ | ||
| 245 | 1 | 0 | |a Ženy na trhu práce v letech 1945-1992 |c Anna Václavíková |
| 520 | |a Žena ako zdroj pracovných síl v rokoch 1949-1960. Ženy a trh práce v rokoch 1960-1989. Postavenie žien na trhu práce v rokoch 1989-1992. Kategórie pracovných síl ohrozených nezamestnanosťou. | ||
| 610 | 2 | 0 | |a zamestnanosť |
| 610 | 2 | 0 | |a ženy |
| 610 | 2 | 0 | |a história |
| 610 | 2 | 0 | |a Česko |
| 610 | 2 | 0 | |a Slovensko |
| 610 | 2 | 0 | |a aktivita pracovná |
| 610 | 2 | 0 | |a diskriminácia pracovná |
| 100 | 1 | |a Václavíková, Anna | |